Madhuram malayalam: (Record no. 181741)

000 -LEADER
fixed length control field 00446nam a2200157 4500
020 ## - INTERNATIONAL STANDARD BOOK NUMBER
ISBN 9788119443260
082 ## - DEWEY DECIMAL CLASSIFICATION NUMBER
Classification number M 894.812
Item number SUV/M
100 ## - MAIN ENTRY--AUTHOR NAME
Personal name Suvitha Jinto Puthenveetil
245 ## - TITLE STATEMENT
Title Madhuram malayalam:
Sub Title malayalam pareekshasahayi/
Statement of responsibility, etc by Suvitha Jinto Puthenveetil
260 ## - PUBLICATION, DISTRIBUTION, ETC. (IMPRINT)
Place of publication Kozhikkode:
Name of publisher Atma books,
Year of publication 2024.
300 ## - PHYSICAL DESCRIPTION
Number of Pages 611p.
650 ## - SUBJECT ADDED ENTRY--TOPICAL TERM
Topical Term Language malayalam
650 ## - SUBJECT ADDED ENTRY--TOPICAL TERM
Topical Term Literature malayalam
650 ## - SUBJECT ADDED ENTRY--TOPICAL TERM
Topical Term Literature
942 ## - ADDED ENTRY ELEMENTS (KOHA)
Koha item type Book
Holdings
Withdrawn status Lost status Damaged status Not for loan Permanent Location Current Location Shelving location Date acquired Cost, normal purchase price Full call number Accession Number Price effective from Koha item type
        Sree Sankaracharya University of Sanskrit Sree Sankaracharya University of Sanskrit Reference 21.05.2026 1000.00 R M 894.812 SUV/M 108881 21.05.2026 Reference